THE SECOND 歴代決勝進出者 -サドンデス- - Statistics

General Stats
  • This quiz has been taken 15 times
  • The average score is 4 of 6
Answers on the Grid
Answers color-coded by a green-red scale on the quiz's grid according to % correct below.
ななまがり
はりけ〜んず
ガクテンソク
ギャロップ
ザ・ぼんち
ザ・パンチ
スピードワゴン
タイムマシーン3号
タモンズ
ツートライブ
テンダラー
ハンジロウ
マシンガンズ
モンスターエンジン
ラフ次元
三四郎
吉田たち
囲碁将棋
超新塾
金属バット
 
Answer Stats
Answer % Correct
ガクテンソク
100%
ギャロップ
86%
ザ・パンチ
57%
マシンガンズ
57%
囲碁将棋
43%
ツートライブ
29%
No matching quizzes found
Score Distribution
Percent of People with Each Score
Percentile by Number Answered
Your Score History
You have not taken this quiz